[Event "Portugal Open 2018"]
[Site "Lisboa POR"]
[Date "2018.02.07"]
[Round "7.36"]
[White "Martín Duque, Jesus"]
[Black "Cruz, Jorge"]
[Result "1/2-1/2"]
[WhiteElo "2346"]
[BlackElo "2113"]
[WhiteFideId "2208954"]
[BlackFideId "1903977"]
[WhiteTitle "FM"]
[WhiteCountry "ESP"]
[BlackCountry "POR"]
[PlyCount "55"]
[EventDate "2018.??.??"]

1. e4 c5 2. Nf3 g6 3. c4 Nc6 4. d4 cxd4 5. Nxd4 Nf6 6. Nc3 d6 7. Nc2 Bg7 8. Be2
Nd7 9. Bd2 O-O 10. O-O Nc5 11. f3 a5 12. Rb1 f5 13. exf5 Bxf5 14. g4 Bxc2 15.
Qxc2 Nd4 16. Qd1 e5 17. Be3 Qh4 18. Qd2 Rae8 19. Kg2 Nce6 20. Nd5 e4 21. f4 Nf3
22. Rxf3 exf3+ 23. Bxf3 Ng5 24. fxg5 Rxf3 25. Kxf3 Qh3+ 26. Kf2 Qxh2+ 27. Kf3
Qh3+ 28. Kf2 1/2-1/2

[Event "Portugal Open 2018"]
[Site "Lisboa POR"]
[Date "2018.02.07"]
[Round "7.37"]
[White "Mikalsen, Harald"]
[Black "Ding, Tze How Dilwen"]
[Result "1/2-1/2"]
[WhiteElo "2026"]
[BlackElo "2306"]
[WhiteFideId "1511564"]
[BlackFideId "5707641"]
[BlackTitle "FM"]
[WhiteCountry "NOR"]
[BlackCountry "MAS"]
[PlyCount "109"]
[EventDate "2018.??.??"]

1. d4 Nf6 2. Nf3 c5 3. c4 cxd4 4. Nxd4 e6 5. Nc3 Qc7 6. e4 Bb4 7. Ndb5 Qe5 8.
Bd3 a6 9. f4 Qc5 10. Qa4 Ng4 11. Nc7+ Qxc7 12. Qxb4 Nc6 13. Qa3 Qb6 14. c5 Qb4
15. Qxb4 Nxb4 16. Bb1 Ke7 17. h3 Nh6 18. O-O f6 19. a3 Nc6 20. Ba2 Nf7 21. Be3
Rd8 22. Rad1 Ke8 23. b4 d6 24. f5 exf5 25. Nd5 Rb8 26. exf5 dxc5 27. Bxc5 Rd7
28. Rde1+ Nfe5 29. g4 b6 30. Nxb6 Rd2 31. Rf2 Rd3 32. Re3 Rd1+ 33. Kh2 Bb7 34.
Bb3 Ra1 35. Ba4 Rd8 36. Nc4 Kf7 37. Nd6+ Rxd6 38. Bxd6 Nd4 39. Bxe5 fxe5 40.
Rxe5 Rxa3 41. Be8+ Kf8 42. Bh5 Bc6 43. Ra5 Nf3+ 44. Kg3 Rb3 45. Rxa6 Ng1+ 46.
Kf4 Nxh3+ 47. Ke5 Nxf2 48. Rxc6 Rxb4 49. Rc8+ Ke7 50. Rc7+ Kf8 51. Ke6 Re4+ 52.
Kd5 g6 53. fxg6 hxg6 54. Bxg6 Rxg4 55. Rf7+ 1/2-1/2

[Event "Portugal Open 2018"]
[Site "Lisboa POR"]
[Date "2018.02.07"]
[Round "7.38"]
[White "Injac, Teodora"]
[Black "Zemlickova, Olena"]
[Result "1-0"]
[WhiteElo "2302"]
[BlackElo "2090"]
[WhiteFideId "932400"]
[BlackFideId "14105560"]
[WhiteTitle "WIM"]
[BlackTitle "WIM"]
[WhiteCountry "SRB"]
[BlackCountry "UKR"]
[PlyCount "98"]
[EventDate "2018.??.??"]

1. Nf3 d5 2. g3 Nf6 3. Bg2 c6 4. O-O Bf5 5. c4 e6 6. cxd5 exd5 7. d3 h6 8. Qb3
Qb6 9. Qc2 Be7 10. Nc3 O-O 11. e4 Bh7 12. Be3 Qd8 13. h3 Na6 14. Rfd1 Nc7 15.
Qb3 Qc8 16. e5 Nd7 17. Rac1 Re8 18. Na4 Bf8 19. d4 Be4 20. Nc3 Bh7 21. Nd2 Nb6
22. a4 Qb8 23. Ne2 Nd7 24. f4 f5 25. g4 g6 26. Ng3 Ne6 27. gxf5 gxf5 28. Nf3 Be7
29. Nd2 Bh4 30. Kh2 Kh8 31. Rg1 Rg8 32. Ne2 a6 33. Bf3 Rxg1 34. Bxg1 Be7 35. a5
Qc7 36. Bh5 Rf8 37. Bf2 Qb8 38. Bf3 Rd8 39. Nf1 Ndf8 40. Ne3 Ng7 41. Be1 Nfe6
42. Bb4 Bxb4 43. Qxb4 Rf8 44. Rc3 Nc7 45. Rc1 Nce6 46. Qe1 Qd8 47. Qb4 Qb8 48.
Rg1 Qc7 49. Ng2 Qe7 50. Qe1 Qd7 51. Qc3 Qe7 52. Nc1 Rg8 53. Ne2 Rf8 54. Qe1 Rg8
55. Qh4 Qh4 56. Nh4 Ne8 57. Rc1 N8g7 58. Ng2 Rf8 59. Rd1 Rd8 60. Nc3 Bg6 61. Kg3
Bh5 62. Nh4 Bxf3 63. Kxf3 Kh7 64. b4 Rf8 65. Ng2 Nh5 66. Ne2 Rg8 67. -- -- 68.
-- -- 69. Kd3 Rg8 70. Rc8 -- 71. -- Rg7 72. -- b5 73. cxb5 Nb4 74. Rc7 -- 75. --
-- 76. Nc3 -- 77. -- -- 78. Ne3 -- 79. S5b4 Kd5 80. d5 -- 81. Nc5 -- 82. d6 Kc8
83. Nd5 -- 84. Ne7+ Kd8 85. -- -- 86. Nf5 -- 87. Nd4 Kd7 88. -- -- 89. Kd5 --
90. e6+ -- 91. Ke5 -- 92. f5 -- 93. -- -- 1-0

[Event "Portugal Open 2018"]
[Site "Lisboa POR"]
[Date "2018.02.07"]
[Round "7.39"]
[White "Balbuena Fuentes, Mario"]
[Black "Pires, Emanuel"]
[Result "1-0"]
[WhiteElo "2282"]
[BlackElo "2068"]
[WhiteFideId "32017880"]
[BlackFideId "1914715"]
[WhiteTitle "FM"]
[WhiteCountry "ESP"]
[BlackCountry "POR"]
[PlyCount "59"]
[EventDate "2018.??.??"]

1. e4 e6 2. d4 d5 3. Nd2 Nf6 4. e5 Nfd7 5. c3 c5 6. Bd3 Nc6 7. Ne2 cxd4 8. cxd4
f6 9. Nf4 Nxd4 10. Qh5+ Ke7 11. exf6+ Nxf6 12. Ng6+ hxg6 13. Qxh8 Kf7 14. O-O e5
15. Nb3 Ne6 16. Be3 a5 17. Rac1 a4 18. Nc5 d4 19. Bd2 b6 20. Nxe6 Bxe6 21. Bc4
Bxc4 22. Rxc4 Qd5 23. Rc7+ Be7 24. Qh3 Qxa2 25. Bg5 Rd8 26. Bxf6 Kxf6 27. f4
exf4 28. Rxf4+ Ke5 29. Rxe7+ Kxf4 30. Qf3+ 1-0

[Event "Portugal Open 2018"]
[Site "Lisboa POR"]
[Date "2018.02.07"]
[Round "7.40"]
[White "Ferrante, Marco"]
[Black "Martins, André"]
[Result "1-0"]
[WhiteElo "2267"]
[BlackElo "2068"]
[WhiteFideId "816035"]
[BlackFideId "1924281"]
[WhiteCountry "ITA"]
[BlackCountry "POR"]
[PlyCount "64"]
[EventDate "2018.??.??"]

1. e4 c5 2. Nf3 e6 3. Nc3 d6 4. d4 cxd4 5. Nxd4 Nf6 6. Bg5 e5 7. Nf5 Bxf5 8.
Bxf6 Qxf6 9. Nd5 Qd8 10. exf5 Be7 11. g3 O-O 12. Bg2 Nc6 13. c3 Bg5 14. h4 Bh6
15. f6 e4 16. Bxe4 Re8 17. Qc2 gxf6 18. O-O Re5 19. Bxh7+ Kh8 20. Rad1 f5 21.
Bxf5 Qa5 22. b4 Qa3 23. f4 Rxd5 24. Rxd5 Nxb4 25. cxb4 Qxg3+ 26. Kh1 Rg8 27. Qf2
Qa3 28. Rxd6 f6 29. Rd7 Rg3 30. Rh7+ Kg8 31. Qxg3+ Qxg3 32. Rg1 Bxf4 1-0

[Event "Portugal Open 2018"]
[Site "Lisboa POR"]
[Date "2018.02.07"]
[Round "7.41"]
[White "Corbalan Gomez, Juan Jose"]
[Black "Nikanova, Ekaterina"]
[Result "1/2-1/2"]
[WhiteElo "2245"]
[BlackElo "2048"]
[WhiteFideId "2260492"]
[BlackFideId "13506374"]
[BlackCountry "BLR"]
[PlyCount "37"]
[EventDate "2018.??.??"]

1. d4 d5 2. Nf3 e6 3. g3 c5 4. Bg2 Nc6 5. O-O Nf6 6. c4 Be7 7. cxd5 exd5 8. Nc3
O-O 9. Be3 c4 10. Ne5 Be6 11. Nxc4 dxc4 12. d5 Qc8 13. dxe6 Qxe6 14. Qa4 a6 15.
Bxc6 bxc6 16. Rfd1 Ng4 17. Kg2 Nxe3+ 18. fxe3 Bf6 19. Qc2 1/2-1/2

[Event "Portugal Open 2018"]
[Site "Lisboa POR"]
[Date "2018.02.07"]
[Round "7.42"]
[White "Apanasenok, Alexander"]
[Black "Blum, Gernot"]
[Result "0-1"]
[WhiteElo "2236"]
[BlackElo "2028"]
[WhiteFideId "4139305"]
[BlackFideId "4602030"]
[WhiteCountry "RUS"]
[BlackCountry "GER"]
[PlyCount "120"]
[EventDate "2018.??.??"]

1. e4 c5 2. f4 g6 3. Nf3 Bg7 4. Nc3 d6 5. Bb5+ Bd7 6. Bc4 Nc6 7. a3 e6 8. O-O
Nge7 9. d3 Nd4 10. Nxd4 cxd4 11. Ne2 d5 12. Bb3 dxe4 13. dxe4 Qb6 14. Kh1 O-O
15. f5 exf5 16. Ng3 fxe4 17. Nxe4 Bc6 18. Bg5 Nf5 19. Rxf5 gxf5 20. Ng3 Be4 21.
Qh5 Qg6 22. Qh4 Rfe8 23. Rf1 Rac8 24. h3 b5 25. Rf2 Rc6 26. Nh5 h6 27. Be7 Rxe7
28. Nxg7 Qg5 29. Qxg5 hxg5 30. Nxf5 Rd7 31. Kh2 Kh7 32. Ng3 Bg6 33. a4 a6 34.
axb5 axb5 35. Nf5 Rc5 36. Ng3 Kg7 37. Rd2 Rc8 38. Kg1 b4 39. Ba4 Ra7 40. Bb3 Rd7
41. Ba4 Rd6 42. Kf2 d3 43. cxd3 Rxd3 44. Re2 b3 45. Nf1 Rc2 46. Rxc2 bxc2 47.
Bxc2 Rd6 48. Ba4 Bd3 49. Ne3 f5 50. g3 Kf6 51. b3 Ke5 52. h4 g4 53. Ng2 Rb6 54.
Ne3 Kd4 55. Bd7 Rb7 56. Be6 Re7 57. Bxf5 Rxe3 58. Bxg4 Re5 59. Kf3 Be2+ 60. Kf4
Re4+ 0-1

[Event "Portugal Open 2018"]
[Site "Lisboa POR"]
[Date "2018.02.07"]
[Round "7.43"]
[White "Ermeni, Avni"]
[Black "Dumont, André"]
[Result "1-0"]
[WhiteElo "2214"]
[BlackElo "2019"]
[WhiteFideId "912840"]
[BlackFideId "201910"]
[WhiteTitle "FM"]
[WhiteCountry "KOS"]
[BlackCountry "BEL"]
[PlyCount "61"]
[EventDate "2018.??.??"]

1. e4 e5 2. Nf3 Nc6 3. Bc4 Nf6 4. d3 Be7 5. c3 d6 6. Bb3 O-O 7. Nbd2 Na5 8. Bc2
c5 9. O-O Nc6 10. Re1 Qc7 11. Nf1 Be6 12. Ng3 d5 13. exd5 Nxd5 14. Ba4 f6 15. d4
Rad8 16. Qe2 Bg4 17. dxc5 Bxc5 18. Qc4 Bxf3 19. Qxc5 Bg4 20. Bb3 Qd6 21. Qxd6
Rxd6 22. c4 Nc7 23. c5+ Rd5 24. Be3 Kh8 25. Bxd5 Nxd5 26. a3 f5 27. h3 f4 28.
hxg4 Nxe3 29. fxe3 fxg3 30. Rad1 e4 31. Rf1 1-0

[Event "Portugal Open 2018"]
[Site "Lisboa POR"]
[Date "2018.02.07"]
[Round "7.44"]
[White "Oliveira, Marco"]
[Black "Costa, Paulo"]
[Result "0-1"]
[WhiteElo "2008"]
[BlackElo "2175"]
[WhiteFideId "1901583"]
[BlackFideId "1900900"]
[WhiteCountry "POR"]
[BlackCountry "POR"]
[PlyCount "64"]
[EventDate "2018.??.??"]

1. Nf3 c5 2. e4 e6 3. d4 cxd4 4. Nxd4 a6 5. Bd3 Nf6 6. O-O d6 7. Nc3 g6 8. Kh1
Bg7 9. Nb3 O-O 10. a4 Nc6 11. f4 b6 12. Be3 Bb7 13. f5 Ne5 14. Nd4 Nfg4 15. Bg1
exf5 16. Be2 Qh4 17. Qe1 Qg5 18. Nf3 Nxf3 19. Bxf3 Bxc3 20. Qxc3 fxe4 21. Bxg4
Qxg4 22. h3 Qh5 23. Qf6 e3 24. Kh2 Rae8 25. Rae1 Re6 26. Qd4 Re4 27. Qxb6 Qd5
28. Qb3 Qe5+ 29. Kh1 Bd5 30. Qd3 Bc4 31. Qxe4 Qxe4 32. Rxe3 Qxe3 0-1

[Event "Portugal Open 2018"]
[Site "Lisboa POR"]
[Date "2018.02.07"]
[Round "7.45"]
[White "Shamima, Akter Liza"]
[Black "Terryn, Ezra"]
[Result "1-0"]
[WhiteElo "2160"]
[BlackElo "1993"]
[WhiteFideId "10202587"]
[BlackFideId "233196"]
[WhiteTitle "WIM"]
[WhiteCountry "BAN"]
[BlackCountry "BEL"]
[PlyCount "85"]
[EventDate "2018.??.??"]

1. e4 c5 2. Nf3 Nc6 3. d4 cxd4 4. Nxd4 e6 5. Nc3 Qc7 6. Be3 a6 7. Qf3 Nf6 8.
Nxc6 bxc6 9. Qg3 Qxg3 10. hxg3 Bb4 11. Bd3 d5 12. exd5 cxd5 13. Bd4 Bd7 14.
O-O-O Bxc3 15. Bxc3 Bb5 16. Bxf6 gxf6 17. Bxh7 Ke7 18. Bd3 Rxh1 19. Rxh1 Bxd3
20. cxd3 Rc8+ 21. Kd2 Kd6 22. Rh7 Ke7 23. Rh4 Kd6 24. Ra4 Ra8 25. Rf4 Ke7 26.
Rb4 Ra7 27. Rb6 Kd7 28. a4 a5 29. Rb5 Kc6 30. Kc3 e5 31. g4 Kd6 32. Rb6+ Kc5 33.
Rxf6 d4+ 34. Kb3 Rb7+ 35. Ka3 e4 36. Rf5+ Kc6 37. dxe4 Rd7 38. Kb3 d3 39. Rd5
Rxd5 40. exd5+ Kxd5 41. Kc3 Ke4 42. Kd2 f6 43. b3 1-0

[Event "Portugal Open 2018"]
[Site "Lisboa POR"]
[Date "2018.02.07"]
[Round "7.46"]
[White "Silva, Flávio"]
[Black "Hill, Alistair"]
[Result "0-1"]
[WhiteElo "1952"]
[BlackElo "2159"]
[WhiteFideId "1903691"]
[BlackFideId "432407"]
[WhiteCountry "POR"]
[BlackCountry "ENG"]
[PlyCount "104"]
[EventDate "2018.??.??"]

1. c4 Nf6 2. Nc3 d5 3. cxd5 Nxd5 4. Nf3 Nxc3 5. dxc3 Qxd1+ 6. Kxd1 Bf5 7. Nh4
Be6 8. e4 Nd7 9. Kc2 g6 10. f3 Bg7 11. g4 h5 12. g5 O-O-O 13. Be3 Nb6 14. b3 Rd6
15. Rc1 Rhd8 16. Be2 Bh3 17. Rhd1 a6 18. Rxd6 Rxd6 19. Rd1 Rxd1 20. Bxd1 Nd7 21.
f4 e6 22. Be2 Nf8 23. f5 exf5 24. exf5 Be5 25. fxg6 Nxg6 26. Nxg6 Bf5+ 27. Bd3
Bxd3+ 28. Kxd3 fxg6 29. h3 Kd7 30. c4 Ke6 31. Ke4 c6 32. c5 Bc3 33. Kd3 Be1 34.
Ke4 Bb4 35. Bf2 Bd2 36. h4 Bb4 37. a4 a5 38. Bg1 Be1 39. Be3 Bg3 40. Bd2 Bxh4
41. Bxa5 Bxg5 42. Be1 Be7 43. b4 h4 44. Bf2 h3 45. Bg1 Bd8 46. Bh2 g5 47. b5 Ba5
48. bxc6 bxc6 49. Kf3 Kf5 50. Kg3 g4 51. Kf2 Ke4 52. Kg3 Bc7+ 0-1

[Event "Portugal Open 2018"]
[Site "Lisboa POR"]
[Date "2018.02.07"]
[Round "7.47"]
[White "Dias, Ivo"]
[Black "Fidalgo, Daniel"]
[Result "1-0"]
[WhiteElo "2158"]
[BlackElo "1966"]
[WhiteFideId "1901680"]
[BlackFideId "1934279"]
[WhiteTitle "CM"]
[WhiteCountry "POR"]
[BlackCountry "POR"]
[PlyCount "95"]
[EventDate "2018.??.??"]

1. e4 e6 2. d4 d5 3. Nc3 Nf6 4. e5 Nfd7 5. f4 c5 6. Nf3 Nc6 7. Be3 a6 8. Qd2 b5
9. dxc5 Nxc5 10. Qf2 Nd7 11. a3 Bb7 12. Bd3 Be7 13. O-O O-O 14. Ne2 Rc8 15. b4
Qe8 16. Ned4 Nxd4 17. Bxd4 f5 18. exf6 Bxf6 19. Rae1 Qf7 20. Qe2 Bxd4+ 21. Nxd4
Nf6 22. Qxe6 Ne4 23. Qxf7+ Rxf7 24. g3 Rc3 25. Ra1 Rd7 26. a4 bxa4 27. Rxa4 Nd2
28. Re1 Nc4 29. Ra2 Nd2 30. Re8+ Kf7 31. Rb8 Ne4 32. Nf3 Rdc7 33. Ne5+ Ke7 34.
Rg8 Kd6 35. Bxa6 Ke6 36. Bd3 Nf6 37. Rb8 d4 38. Ra7 Be4 39. Rxc7 Rxc7 40. Kf2
Bxd3 41. cxd3 Rc2+ 42. Kf3 Rxh2 43. Rb7 Rb2 44. g4 Nd5 45. Rxg7 Nxb4 46. Rxh7
Rd2 47. Ke4 Nc2 48. f5+ 1-0

[Event "Portugal Open 2018"]
[Site "Lisboa POR"]
[Date "2018.02.07"]
[Round "7.48"]
[White "Quintino, Luís"]
[Black "Ferreira, Hugo"]
[Result "0-1"]
[WhiteElo "1899"]
[BlackElo "2158"]
[WhiteFideId "1904086"]
[BlackFideId "1915940"]
[WhiteCountry "POR"]
[BlackCountry "POR"]
[PlyCount "44"]
[EventDate "2018.??.??"]

1. d4 Nf6 2. Bg5 e6 3. e4 h6 4. Bxf6 Qxf6 5. c3 d6 6. Nf3 e5 7. Bc4 Nc6 8. dxe5
dxe5 9. O-O Bd6 10. Nbd2 O-O 11. Re1 Ne7 12. Qc2 Ng6 13. g3 Bg4 14. Kg2 c6 15.
h3 Be6 16. Rad1 Rad8 17. Bb3 Bc5 18. Nc4 Bxh3+ 19. Kxh3 Qxf3 20. Ne3 Nf4+ 21.
Kh2 Bxe3 22. gxf4 Bxf2 0-1

[Event "Portugal Open 2018"]
[Site "Lisboa POR"]
[Date "2018.02.07"]
[Round "7.49"]
[White "Pérez García, Roberto"]
[Black "Newton, Andrew"]
[Result "1/2-1/2"]
[WhiteElo "2142"]
[BlackElo "1899"]
[WhiteFideId "2217708"]
[BlackFideId "2403285"]
[WhiteCountry "ESP"]
[BlackCountry "SCO"]
[PlyCount "82"]
[EventDate "2018.??.??"]

1. d4 Nf6 2. c4 g6 3. Nc3 Bg7 4. e4 d6 5. f3 O-O 6. Bg5 c5 7. d5 h6 8. Be3 Na6
9. Qd2 e6 10. Nge2 exd5 11. cxd5 Nc7 12. Ng3 h5 13. Be2 h4 14. Nf1 b5 15. Nxb5
Nxb5 16. Bxb5 Rb8 17. a4 a6 18. Be2 Nh7 19. Ra2 Re8 20. Qc2 f5 21. Nd2 Ng5 22.
O-O h3 23. g3 Rb4 24. Bd3 fxe4 25. Nxe4 Nxe4 26. Bxe4 Qf6 27. b3 Bf5 28. Qd3
Bxe4 29. fxe4 Qc3 30. Qxc3 Bxc3 31. Bf4 Rd8 32. Bg5 Rd7 33. Bf6 Rxb3 34. Raf2
Rf7 35. Bxc3 Rxf2 36. Rxf2 Rxc3 37. Rf6 Rc1+ 38. Kf2 Rc2+ 39. Kg1 Rc1+ 40. Kf2
Rc2+ 41. Kg1 Rc1+ 1/2-1/2

[Event "Portugal Open 2018"]
[Site "Lisboa POR"]
[Date "2018.02.07"]
[Round "7.50"]
[White "Carneiro, Carlos"]
[Black "Lavrador, Rodolfo"]
[Result "1-0"]
[WhiteElo "2130"]
[BlackElo "1859"]
[WhiteFideId "1900170"]
[BlackFideId "1908367"]
[WhiteTitle "NM"]
[BlackTitle "NM"]
[WhiteCountry "POR"]
[BlackCountry "POR"]
[PlyCount "55"]
[EventDate "2018.??.??"]

1. d4 e6 2. c4 d5 3. Nf3 Be7 4. Nc3 Nf6 5. Bf4 O-O 6. e3 c6 7. cxd5 exd5 8. Qc2
Re8 9. Bd3 Nbd7 10. O-O Nf8 11. Rab1 Ng6 12. Bg3 Nh5 13. b4 Nxg3 14. hxg3 Bf6
15. b5 Bd7 16. bxc6 Bxc6 17. Bb5 Qd7 18. Bxc6 Qxc6 19. Qb3 Red8 20. Rfc1 Rab8
21. Ne4 dxe4 22. Rxc6 bxc6 23. Qxb8 Rxb8 24. Rxb8+ Nf8 25. Ne5 c5 26. Nd7 Be7
27. dxc5 f5 28. c6 1-0

[Event "Portugal Open 2018"]
[Site "Lisboa POR"]
[Date "2018.02.07"]
[Round "7.51"]
[White "Dantas, Carlos"]
[Black "Gonçalves, Gabriel"]
[Result "1-0"]
[WhiteElo "2129"]
[BlackElo "1766"]
[WhiteFideId "1900757"]
[BlackFideId "1945610"]
[WhiteTitle "NM"]
[WhiteCountry "POR"]
[BlackCountry "POR"]
[PlyCount "111"]
[EventDate "2018.??.??"]

1. e4 e5 2. Nf3 Nc6 3. Bb5 a6 4. Ba4 Nf6 5. O-O b5 6. Bb3 Be7 7. Re1 O-O 8. d3
d6 9. c3 Na5 10. Bc2 c5 11. Nbd2 Re8 12. Nf1 h6 13. Ng3 Bf8 14. h3 Qc7 15. Nh4
Kh7 16. Qf3 Bd7 17. Nhf5 Re6 18. Bd2 g6 19. Ne3 Bg7 20. Rac1 c4 21. d4 Re7 22.
Ne2 Rae8 23. d5 Nb7 24. g4 Rf8 25. Ng3 Ng8 26. h4 f6 27. Kg2 Ref7 28. Rh1 Ne7
29. Rh2 Qc8 30. Rg1 Nc5 31. Kh1 Nd3 32. Bxd3 cxd3 33. h5 g5 34. Ngf5 Nxf5 35.
Nxf5 Bxf5 36. Qxf5+ Qxf5 37. gxf5 Rc8 38. Rh3 Bf8 39. Rxd3 Be7 40. Ra1 Bd8 41.
Kg2 Rc4 42. Re3 Bb6 43. Re2 b4 44. b3 Rc8 45. cxb4 Rc2 46. a4 Rfc7 47. Rae1 Kg7
48. Be3 Bxe3 49. Rxc2 Rxc2 50. Rxe3 Kf7 51. Kf1 Ke7 52. Rd3 Kd7 53. Ke1 Rc1+ 54.
Kd2 Rh1 55. Rc3 Rxh5 56. b5 1-0

[Event "Portugal Open 2018"]
[Site "Lisboa POR"]
[Date "2018.02.07"]
[Round "7.52"]
[White "Vanden Bussche, Steven"]
[Black "Terbe, Julianna"]
[Result "1/2-1/2"]
[WhiteElo "1940"]
[BlackElo "2292"]
[WhiteFideId "228699"]
[BlackFideId "708780"]
[BlackTitle "WIM"]
[WhiteCountry "BEL"]
[BlackCountry "HUN"]
[PlyCount "70"]
[EventDate "2018.??.??"]

1. d4 Nf6 2. Bf4 c5 3. c3 Qb6 4. Qb3 Qxb3 5. axb3 cxd4 6. Bxb8 Rxb8 7. Rxa7 dxc3
8. bxc3 d5 9. e3 Bf5 10. Bb5+ Nd7 11. Nd2 e5 12. Ngf3 Bd6 13. c4 dxc4 14. Nxc4
Bb4+ 15. Ke2 f6 16. Nb6 Ke7 17. Nxd7 Bxd7 18. Bxd7 Kxd7 19. Rd1+ Ke6 20. Ra4 Be7
21. Nd2 Rhc8 22. Nc4 Rc6 23. Ra2 b5 24. Nd2 Bb4 25. Ne4 f5 26. Ng5+ Kf6 27. f4
e4 28. Rd5 Bc3 29. Rd7 h6 30. Nf7 Ke6 31. Raa7 Bf6 32. Ne5 Rd6 33. Rxd6+ Kxd6
34. Ra6+ Kc7 35. Rc6+ Kb7 1/2-1/2

[Event "Portugal Open 2018"]
[Site "Lisboa POR"]
[Date "2018.02.07"]
[Round "7.53"]
[White "Morais, Vítor"]
[Black "Neves, Pedro"]
[Result "0-1"]
[WhiteElo "1977"]
[BlackElo "2242"]
[WhiteFideId "1900552"]
[BlackFideId "1905554"]
[WhiteTitle "NM"]
[BlackTitle "NM"]
[WhiteCountry "POR"]
[BlackCountry "POR"]
[PlyCount "77"]
[EventDate "2018.??.??"]

1. b3 e5 2. Bb2 Nc6 3. e3 d5 4. Bb5 Bd6 5. f4 Qe7 6. Nf3 f6 7. fxe5 fxe5 8. O-O
Bg4 9. Qe1 Nf6 10. Qh4 O-O-O 11. Nc3 Bd7 12. a4 h6 13. e4 g5 14. Qe1 d4 15. Nb1
Rhg8 16. d3 Ng4 17. Qe2 Ne3 18. Rc1 g4 19. Nfd2 Rdf8 20. Nf1 Nxf1 21. Rxf1 Rxf1+
22. Qxf1 g3 23. hxg3 Rxg3 24. Qf2 Qg5 25. Kf1 Bb4 26. c3 Rg4 27. Kg1 Rf4 28. Bc1
dxc3 29. Bxf4 exf4 30. Bxc6 Bxc6 31. Na3 Bxe4 32. Nc2 Bc5 33. d4 Bd6 34. Re1 Qg6
35. Rc1 f3 36. Ne1 Bg3 37. Nxf3 Bxf2+ 38. Kxf2 Bxf3 39. gxf3 0-1

[Event "Portugal Open 2018"]
[Site "Lisboa POR"]
[Date "2018.02.07"]
[Round "7.54"]
[White "Fernandes, Tiago Saraiva"]
[Black "Weinzettl, Ernst"]
[Result "0-1"]
[WhiteElo "1969"]
[BlackElo "2238"]
[WhiteFideId "1920928"]
[BlackFideId "1600575"]
[BlackTitle "IM"]
[WhiteCountry "POR"]
[BlackCountry "AUT"]
[PlyCount "60"]
[EventDate "2018.??.??"]

1. e4 e6 2. d3 d5 3. Nd2 c5 4. Ngf3 Nc6 5. g3 Nf6 6. Qe2 g6 7. Bg2 Bg7 8. O-O
O-O 9. Re1 a5 10. c3 b6 11. e5 Nd7 12. d4 cxd4 13. cxd4 Ba6 14. Qd1 Nb4 15. Nf1
h6 16. Bd2 Nd3 17. Bc3 Nxe1 18. Qxe1 Nb8 19. h4 Nc6 20. Ne3 Qe7 21. a3 b5 22.
Bxa5 Nxa5 23. Qxa5 b4 24. Rc1 bxa3 25. Qxa3 Qxa3 26. bxa3 Rfc8 27. Rxc8+ Rxc8
28. Nd2 Rc1+ 29. Kh2 Ra1 30. Nc2 Ra2 0-1

[Event "Portugal Open 2018"]
[Site "Lisboa POR"]
[Date "2018.02.07"]
[Round "7.55"]
[White "Fernández Lledo, Javier"]
[Black "Alshameary Puente, Daniel"]
[Result "1-0"]
[WhiteElo "2207"]
[BlackElo "1976"]
[WhiteFideId "22201432"]
[BlackFideId "22252096"]
[WhiteCountry "ESP"]
[BlackCountry "ESP"]
[PlyCount "89"]
[EventDate "2018.??.??"]

1. e4 c5 2. Nf3 d6 3. d4 cxd4 4. Nxd4 Nf6 5. Nc3 g6 6. Be2 Bg7 7. Nb3 O-O 8. g4
a6 9. f4 b5 10. g5 Nfd7 11. h4 Bb7 12. Bf3 b4 13. Nd5 Bxd5 14. Qxd5 Nb6 15. Qd2
Nc6 16. Qh2 Qc7 17. h5 Rfd8 18. hxg6 hxg6 19. f5 Ne5 20. Bd1 Qc4 21. Qh7+ Kf8
22. Rh4 d5 23. Be3 dxe4 24. f6 Rxd1+ 25. Rxd1 Nf3+ 26. Kf2 exf6 27. Bc5+ Qxc5+
28. Nxc5 Nxg5 29. Qh8+ Bxh8 30. Rxh8+ Kg7 31. Rxa8 Nxa8 32. Nxa6 Nb6 33. b3 f5
34. Nxb4 f4 35. a4 e3+ 36. Ke2 Ne4 37. a5 Nc3+ 38. Kf3 Nc8 39. Rg1 Kf6 40. a6 g5
41. Ra1 Na7 42. Ra5 Ncb5 43. c3 Ke6 44. Nc2 f6 45. Rxb5 1-0

[Event "Portugal Open 2018"]
[Site "Lisboa POR"]
[Date "2018.02.07"]
[Round "7.56"]
[White "Boucquet, Emile"]
[Black "Gratze, Michael"]
[Result "1/2-1/2"]
[WhiteElo "2183"]
[BlackElo "1968"]
[WhiteFideId "233161"]
[BlackFideId "1613871"]
[WhiteCountry "BEL"]
[BlackCountry "AUT"]
[PlyCount "99"]
[EventDate "2018.??.??"]

1. e4 c5 2. d4 cxd4 3. c3 d3 4. Nf3 Nc6 5. c4 d6 6. h3 g6 7. Bxd3 Bg7 8. Nc3 Nf6
9. O-O O-O 10. Be3 Bd7 11. Qe2 e6 12. Rfd1 a6 13. Rac1 Qe7 14. Bb1 Rfc8 15. Qd2
Na5 16. b3 b5 17. Qxd6 Qxd6 18. Rxd6 Bc6 19. cxb5 axb5 20. Ne5 Nxe4 21. Nxc6
Nxd6 22. Ne7+ Kf8 23. Nxc8 Rxc8 24. Ne4 Rxc1+ 25. Bxc1 Nxe4 26. Bxe4 Bc3 27. Bd3
b4 28. Be4 f5 29. Ba8 Ke7 30. f4 Kd6 31. Kf1 Nc6 32. Ke2 Ne7 33. Kd3 Nd5 34. a3
bxa3 35. Bxa3+ Bb4 36. Bxb4+ Nxb4+ 37. Kc4 Na6 38. b4 Nb8 39. Bf3 h6 40. h4 e5
41. fxe5+ Kxe5 42. Kc5 Na6+ 43. Kc4 Nxb4 44. Kxb4 Kf4 45. Kc4 Kg3 46. h5 gxh5
47. Kd5 h4 48. Ke5 f4 49. Ke4 h5 50. Bxh5 1/2-1/2

[Event "Portugal Open 2018"]
[Site "Lisboa POR"]
[Date "2018.02.07"]
[Round "7.57"]
[White "Sousa, Ludy"]
[Black "Pelaez Murias, Eduardo"]
[Result "1-0"]
[WhiteElo "2165"]
[BlackElo "1961"]
[WhiteFideId "1504134"]
[BlackFideId "22279709"]
[WhiteTitle "CM"]
[WhiteCountry "NOR"]
[BlackCountry "ESP"]
[PlyCount "59"]
[EventDate "2018.??.??"]

1. e4 e5 2. Nf3 Nc6 3. Bc4 Nf6 4. Ng5 d5 5. exd5 Nd4 6. c3 b5 7. Bf1 Nxd5 8.
cxd4 Qxg5 9. Bxb5+ Kd8 10. Qf3 Bb7 11. O-O exd4 12. d3 Qg6 13. Re1 Bd6 14. Bc4
c6 15. Bd2 Kd7 16. Na3 Rae8 17. Bxd5 cxd5 18. Nb5 Rxe1+ 19. Rxe1 Re8 20. Qh3+ f5
21. Rxe8 Qxe8 22. Qxf5+ Kc6 23. Nxd4+ Kb6 24. Be3 Ka5 25. Qg4 Bc8 26. Qxg7 Bd7
27. Nb3+ Ka6 28. Qf6 Be6 29. Nd4 Bxh2+ 30. Kf1 1-0

[Event "Portugal Open 2018"]
[Site "Lisboa POR"]
[Date "2018.02.07"]
[Round "7.58"]
[White "Dias, Ricardo"]
[Black "Candeias, Humberto"]
[Result "1-0"]
[WhiteElo "2162"]
[BlackElo "1935"]
[WhiteFideId "1930060"]
[BlackFideId "1903454"]
[WhiteCountry "POR"]
[BlackCountry "POR"]
[PlyCount "51"]
[EventDate "2018.??.??"]

1. e4 e6 2. d4 d5 3. Nd2 Nf6 4. e5 Nfd7 5. Bd3 c5 6. c3 Nc6 7. Ne2 cxd4 8. cxd4
f6 9. exf6 Nxf6 10. Nf3 Bd6 11. O-O O-O 12. Bg5 Qc7 13. Bh4 Nh5 14. Qc2 h6 15.
Bh7+ Kh8 16. Bg6 Rxf3 17. gxf3 Bxh2+ 18. Kh1 Nf4 19. Ng3 Nxg6 20. Qxg6 Nxd4 21.
Nh5 Nf5 22. Nf6 gxf6 23. Bxf6+ Ng7 24. Rg1 Be5 25. Qxh6+ Kg8 26. Rxg7+ 1-0

[Event "Portugal Open 2018"]
[Site "Lisboa POR"]
[Date "2018.02.07"]
[Round "7.59"]
[White "Kunz, André"]
[Black "Carpentier, Jannes"]
[Result "1-0"]
[WhiteElo "2153"]
[BlackElo "1933"]
[WhiteFideId "24623652"]
[BlackFideId "235059"]
[WhiteCountry "GER"]
[BlackCountry "BEL"]
[PlyCount "61"]
[EventDate "2018.??.??"]

1. e4 g6 2. d4 Bg7 3. Nc3 d6 4. Nge2 a6 5. a4 Nd7 6. g3 e5 7. Bg2 Ngf6 8. h3 O-O
9. Be3 exd4 10. Bxd4 Re8 11. O-O Ne5 12. f4 Nc6 13. Bf2 Bd7 14. Re1 h6 15. Qd2
Qc8 16. Kh2 Nh7 17. Rad1 Rd8 18. b3 f5 19. Nd5 Nf6 20. exf5 Bxf5 21. Nd4 Nxd5
22. Bxd5+ Kh7 23. Nxc6 bxc6 24. Bxc6 Rb8 25. Re7 Rg8 26. Bd4 Bxh3 27. Qc3 Qg4
28. Bxg7 Rbe8 29. Bxe8 Rxe8 30. Rxe8 Qxd1 31. Rh8# 1-0